[Event "CZE-chT 2324"]
[Site "Czech Republic"]
[Date "2023.10.15"]
[Round "2.2"]
[White "Simacek, Pavel"]
[Black "Biolek, Richard Jr"]
[Result "1/2-1/2"]
[WhiteElo "2452"]
[BlackElo "2409"]
[PlyCount "28"]
[EventDate "2023.10.14"]
[EventType "team-tourn"]
[EventRounds "11"]
[EventCountry "CZE"]
[SourceTitle "Mega2024 Update 01"]
[Source "Chessbase"]
[SourceDate "2023.11.12"]
[SourceVersion "1"]
[SourceVersionDate "2023.11.12"]
[SourceQuality "1"]
[WhiteTeam "Turnov Zikuda"]
[BlackTeam "Poruba Slavoj"]
[WhiteTeamCountry "CZE"]
[BlackTeamCountry "CZE"]

1. Nf3 Nf6 2. d4 g6 3. c4 Bg7 4. g3 c6 5. Bg2 0-0 6. 0-0 d5 7. cxd5 cxd5 8. Ne5 Ng4 9. f4 Nxe5 10. fxe5 f6 11. exf6 Rxf6 12. Re1 Nc6 13. Nc3 Rf5 14. e3 e6 1/2-1/2

[Event "CZE-chT 2324"]
[Site "Czech Republic"]
[Date "2023.10.14"]
[Round "1.2"]
[White "Biolek, Richard Jr"]
[Black "Kraus, Tomas"]
[Result "1/2-1/2"]
[WhiteElo "2409"]
[BlackElo "2491"]
[PlyCount "23"]
[EventDate "2023.10.14"]
[EventType "team-tourn"]
[EventRounds "11"]
[EventCountry "CZE"]
[SourceTitle "Mega2024 Update 01"]
[Source "Chessbase"]
[SourceDate "2023.11.12"]
[SourceVersion "1"]
[SourceVersionDate "2023.11.12"]
[SourceQuality "1"]
[WhiteTeam "Poruba Slavoj"]
[BlackTeam "Lysa nad Labem"]
[WhiteTeamCountry "CZE"]
[BlackTeamCountry "CZE"]

1. Nf3 d5 2. g3 Nd7 3. d4 Nb6 4. Bg2 Bf5 5. a4 a5 6. Bf4 Nf6 7. Nbd2 e6 8. 0-0 c6 9. Ne5 Nbd7 10. Nxd7 Qxd7 11. c4 Bd6 12. Bxd6 1/2-1/2

[Event "CZE-chT1E 2223"]
[Site "Czech Republic"]
[Date "2023.04.01"]
[Round "10.6"]
[White "Vrana, Frantisek"]
[Black "Biolek, Richard Jr"]
[Result "1/2-1/2"]
[WhiteElo "2212"]
[BlackElo "2437"]
[PlyCount "30"]
[EventDate "2022.10.08"]
[EventType "team-tourn"]
[EventRounds "11"]
[EventCountry "CZE"]
[SourceTitle "EXT 2024"]
[Source "ChessBase"]
[SourceDate "2023.10.10"]
[SourceVersion "1"]
[SourceVersionDate "2023.10.10"]
[SourceQuality "1"]
[WhiteTeam "Stare Mesto"]
[BlackTeam "Poruba Slavoj"]
[WhiteTeamCountry "CZE"]
[BlackTeamCountry "CZE"]

1. d4 d5 2. Nf3 Nc6 3. Bf4 Bg4 4. e3 e6 5. Bb5 Nge7 6. h3 Bxf3 7. Qxf3 a6 8. Bxc6+ Nxc6 9. c3 Bd6 10. 0-0 0-0 11. Nd2 Ne7 12. e4 Bxf4 13. Qxf4 Rc8 14. Rfe1 c5 15. dxc5 Rxc5 1/2-1/2

[Event "CZE-chT1E 2223"]
[Site "Czech Republic"]
[Date "2022.11.26"]
[Round "3.6"]
[White "Frank, Adam"]
[Black "Biolek, Richard Jr"]
[Result "0-1"]
[WhiteElo "2297"]
[BlackElo "2437"]
[PlyCount "64"]
[EventDate "2022.10.08"]
[EventType "team-tourn"]
[EventRounds "11"]
[EventCountry "CZE"]
[SourceTitle "CBM 213 Extra"]
[Source "ChessBase"]
[SourceDate "2023.05.31"]
[SourceVersion "1"]
[SourceVersionDate "2023.05.31"]
[SourceQuality "1"]
[WhiteTeam "Frydek Mistek II"]
[BlackTeam "Poruba Slavoj"]
[WhiteTeamCountry "CZE"]
[BlackTeamCountry "CZE"]

1. e4 e5 2. Nf3 Nc6 3. Bb5 a6 4. Ba4 Nf6 5. 0-0 Be7 6. Re1 b5 7. Bb3 0-0 8. h3 Bb7 9. d3 d5 10. exd5 Nxd5 11. Nbd2 Qd7 12. Ne4 Kh8 13. Be3 f6 14. Nc5 Bxc5 15. Bxc5 Rfe8 16. Qd2 Nf4 17. Qe3 Na5 18. d4 Nxb3 19. axb3 Nxh3+ 20. Kh2 Nf4 21. Nh4 g5 22. dxe5 Qg4 23. Qg3 Qxh4+ 24. Qxh4 gxh4 25. exf6 Kg8 26. f3 Kf7 27. Be3 Nd5 28. Bf2 Nxf6 29. Rad1 Rxe1 30. Bxe1 Re8 31. Bxh4 Re2 32. Rd4 Rxc2 0-1

[Event "CZE-chT1E 2122"]
[Site "Czech Republic"]
[Date "2022.02.20"]
[Round "9.1"]
[White "Haba, Petr"]
[Black "Biolek, Richard Jr"]
[Result "1/2-1/2"]
[WhiteElo "2455"]
[BlackElo "2452"]
[PlyCount "38"]
[EventDate "2021.10.09"]
[EventType "team-tourn"]
[EventRounds "11"]
[EventCountry "CZE"]
[SourceTitle "EXT 2023"]
[Source "ChessBase"]
[SourceDate "2022.10.05"]
[SourceVersion "1"]
[SourceVersionDate "2022.10.05"]
[SourceQuality "1"]
[WhiteTeam "Gordic"]
[BlackTeam "Grygov Proclient"]
[WhiteTeamCountry "CZE"]
[BlackTeamCountry "CZE"]

1. d4 d5 2. c4 dxc4 3. e4 c5 4. d5 Nf6 5. Nc3 b5 6. Bf4 Ba6 7. e5 b4 8. exf6 bxc3 9. bxc3 Nd7 10. Qa4 Qb6 11. Bxc4 Qxf6 12. Ne2 Bxc4 13. Qxc4 e5 14. dxe6 Qxe6 15. Qxe6+ fxe6 16. Ng3 Be7 17. Ne4 0-0 18. Bg3 Nf6 19. Nxf6+ Bxf6 1/2-1/2

[Event "CZE-chT1E 2122"]
[Site "Czech Republic"]
[Date "2022.02.19"]
[Round "8.1"]
[White "Biolek, Richard Jr"]
[Black "Hrbek, Stepan"]
[Result "1/2-1/2"]
[WhiteElo "2452"]
[BlackElo "2231"]
[PlyCount "85"]
[EventDate "2021.10.09"]
[EventType "team-tourn"]
[EventRounds "11"]
[EventCountry "CZE"]
[SourceTitle "EXT 2023"]
[Source "ChessBase"]
[SourceDate "2022.10.05"]
[SourceVersion "1"]
[SourceVersionDate "2022.10.05"]
[SourceQuality "1"]
[WhiteTeam "Grygov Proclient"]
[BlackTeam "Chotebor"]
[WhiteTeamCountry "CZE"]
[BlackTeamCountry "CZE"]

1. e4 c6 2. d4 d5 3. Nc3 dxe4 4. Nxe4 Nf6 5. Nxf6+ exf6 6. Bc4 Bd6 7. Qe2+ Qe7 8. Qxe7+ Kxe7 9. Ne2 Bf5 10. c3 Nd7 11. Bf4 Bxf4 12. Nxf4 g5 13. Bd3 Bg6 14. Nxg6+ hxg6 15. 0-0 f5 16. f3 Nb6 17. Rfe1+ Kf6 18. Re5 Rae8 19. Rae1 Rxe5 20. Rxe5 Nd5 21. Bc4 Ne7 22. a4 f4 23. g4 fxg3 24. hxg3 Nf5 25. Kg2 Rd8 26. Bd3 Ne7 27. Bc4 b6 28. Re2 c5 29. dxc5 bxc5 30. Kf2 Nf5 31. b4 cxb4 32. cxb4 Rd4 33. Re4 Rxe4 34. fxe4 Nd6 35. Bd3 Ke5 36. Ke3 f5 37. exf5 gxf5 38. a5 f4+ 39. gxf4+ gxf4+ 40. Kf3 Kd4 41. Bf1 Kc3 42. b5 Nxb5 43. Bxb5 1/2-1/2

[Event "CZE-chT 2122"]
[Site "Czech Republic"]
[Date "2021.10.17"]
[Round "2.3"]
[White "Jaracz, Pawel"]
[Black "Biolek, Richard Jr"]
[Result "1/2-1/2"]
[WhiteElo "2456"]
[BlackElo "2452"]
[PlyCount "30"]
[EventDate "2021.10.15"]
[EventType "team-tourn"]
[EventRounds "15"]
[EventCountry "CZE"]
[SourceTitle "CBM 204 Extra"]
[Source "ChessBase"]
[SourceDate "2021.11.30"]
[SourceVersion "1"]
[SourceVersionDate "2021.11.30"]
[SourceQuality "1"]
[WhiteTeam "Turnov Zikuda"]
[BlackTeam "Poruba Slavoj"]
[WhiteTeamCountry "CZE"]
[BlackTeamCountry "CZE"]

1. e4 d5 2. exd5 Qxd5 3. Nc3 Qa5 4. d4 Nf6 5. Bd2 Bg4 6. Nf3 Qf5 7. Bd3 Bxf3 8. Bxf5 Bxd1 9. Rxd1 e6 10. Bh3 Nc6 11. Ne2 Nb4 12. 0-0 Ne4 13. Bxb4 Bxb4 14. c3 Bd6 15. g3 c6 1/2-1/2

[Event "CZE-chT 2122"]
[Site "Czech Republic"]
[Date "2021.10.16"]
[Round "1.3"]
[White "Biolek, Richard Jr"]
[Black "Jansa, Vlastimil"]
[Result "1/2-1/2"]
[WhiteElo "2452"]
[BlackElo "2420"]
[PlyCount "89"]
[EventDate "2021.10.15"]
[EventType "team-tourn"]
[EventRounds "15"]
[EventCountry "CZE"]
[SourceTitle "CBM 204 Extra"]
[Source "ChessBase"]
[SourceDate "2021.11.30"]
[SourceVersion "1"]
[SourceVersionDate "2021.11.30"]
[SourceQuality "1"]
[WhiteTeam "Poruba Slavoj"]
[BlackTeam "Lysa nad Labem"]
[WhiteTeamCountry "CZE"]
[BlackTeamCountry "CSR"]

1. e4 c5 2. c3 Nf6 3. e5 Nd5 4. Nf3 b6 5. Bc4 Bb7 6. 0-0 e6 7. d4 Be7 8. dxc5 bxc5 9. Nbd2 0-0 10. Ne4 f5 11. Nd6 Bxd6 12. exd6 Qb6 13. Qb3 Nf6 14. Ne5 Bd5 15. Bxd5 exd5 16. Bg5 Qxd6 17. Bxf6 gxf6 18. Nf3 Nc6 19. Rad1 Ne7 20. Rfe1 Rf7 21. Qa3 Qc6 22. b4 d6 23. Re6 Ng6 24. bxc5 Qxc5 25. Qb4 Rc8 26. Rxd6 Qxc3 27. Qxc3 Rxc3 28. R6xd5 Ra3 29. Rd8+ Rf8 30. R8d2 f4 31. Re1 Ra5 32. Kf1 Ne5 33. Re4 Nxf3 34. gxf3 Rh5 35. Rxf4 Rxh2 36. Rg4+ Kh8 37. Rd7 a5 38. Ra7 Rb8 39. Kg1 Rh5 40. Kg2 Rf5 41. Kf1 Rg8 42. Rh4 Rg7 43. Ra8+ Rg8 44. Ra7 Rg7 45. Ra8+ 1/2-1/2

[Event "CZE-chT2F 1920"]
[Site "Czech Republic"]
[Date "2020.02.23"]
[Round "9.1"]
[White "Biolek, Richard Jr"]
[Black "Sramek, Vojtech"]
[Result "1-0"]
[WhiteElo "2454"]
[BlackElo "2167"]
[PlyCount "89"]
[EventDate "2019.10.13"]
[EventType "team-tourn"]
[EventRounds "11"]
[EventCountry "CZE"]
[SourceTitle "EXT 2024"]
[Source "ChessBase"]
[SourceDate "2023.10.10"]
[SourceVersion "1"]
[SourceVersionDate "2023.10.10"]
[SourceQuality "1"]
[WhiteTeam "Grygov Proclient"]
[BlackTeam "Orlova Slavia II"]
[WhiteTeamCountry "CZE"]
[BlackTeamCountry "CZE"]

1. e4 c5 2. Nf3 Nc6 3. d4 cxd4 4. Nxd4 g6 5. Nc3 Bg7 6. Be3 Nf6 7. Bc4 0-0 8. Bb3 a6 9. f3 Qc7 10. Qd2 b5 11. 0-0-0 Bb7 12. h4 h5 13. Bf4 e5 14. Nxc6 dxc6 15. Bg5 Rad8 16. Qe3 Rxd1+ 17. Rxd1 Rd8 18. Rxd8+ Qxd8 19. Qc5 Qc7 20. Bxf6 Bxf6 21. Nd5 Qd8 22. Qa7 cxd5 23. Qxb7 Bxh4 24. Bxd5 Qf6 25. b4 Kg7 26. Kb2 Bg5 27. Kb3 Bd2 28. a4 bxa4+ 29. Kxa4 h4 30. c4 h3 31. gxh3 Qxf3 32. Qxa6 Qd1+ 33. Kb5 Qb3 34. Qa5 Qxh3 35. Qc7 Qf1 36. Qxe5+ Qf6 37. Qc7 Be1 38. c5 g5 39. Qd7 Qf1+ 40. Bc4 Qf4 41. c6 Qe5+ 42. Kb6 Bxb4 43. Qxf7+ Kh6 44. Qe6+ Qxe6 45. Bxe6 1-0

[Event "Prague op"]
[Site "Prague"]
[Date "2020.02.19"]
[Round "6"]
[White "Kramer, Julian"]
[Black "Biolek, Richard Jr"]
[Result "1/2-1/2"]
[WhiteElo "2400"]
[BlackElo "2451"]
[PlyCount "74"]
[EventDate "2020.02.14"]
[EventType "swiss"]
[EventRounds "9"]
[EventCountry "CZE"]
[SourceTitle "CBM 195 Extra"]
[Source "ChessBase"]
[SourceDate "2020.05.31"]
[SourceVersion "1"]
[SourceVersionDate "2020.05.31"]
[SourceQuality "1"]

1. e4 d6 2. d4 Nf6 3. Bd3 e5 4. Nf3 Nbd7 5. 0-0 g6 6. dxe5 Nxe5 7. Nxe5 dxe5 8. Bg5 Be7 9. Nc3 c6 10. Bc4 h6 11. Bd2 b5 12. Bd3 Be6 13. a4 b4 14. Na2 c5 15. Qe2 Kf8 16. Rfd1 Qc8 17. Bc4 Kg7 18. Nc1 Rd8 19. Nb3 Qc6 20. f3 Nh5 21. g3 Nf6 22. Na5 Qb6 23. Bxe6 Qxe6 24. Nc4 Nd7 25. Ne3 Bg5 26. Nd5 Rac8 27. Qc4 Nb6 28. Nxb6 Qxb6 29. Bxg5 hxg5 30. Rd5 Qf6 31. Rf1 Rc7 32. Rfd1 Rxd5 33. Qxd5 Qxf3 34. Qxe5+ Kh7 35. Rd3 Qe2 36. Qxc7 Qe1+ 37. Kg2 Qe2+ 1/2-1/2

[Event "CZE-chT 1920"]
[Site "Czech Republic"]
[Date "2019.11.30"]
[Round "3.3"]
[White "Hollan, Martin"]
[Black "Biolek, Richard Jr"]
[Result "0-1"]
[WhiteElo "2403"]
[BlackElo "2454"]
[PlyCount "80"]
[EventDate "2019.10.12"]
[EventType "team-tourn"]
[EventRounds "11"]
[EventCountry "CZE"]
[SourceTitle "CBM 193 Extra"]
[Source "ChessBase"]
[SourceDate "2020.01.31"]
[SourceVersion "1"]
[SourceVersionDate "2020.01.31"]
[SourceQuality "1"]
[WhiteTeam "Kromeriz Slavia"]
[BlackTeam "Poruba Slavoj"]
[WhiteTeamCountry "CZE"]
[BlackTeamCountry "CZE"]

1. c4 f5 2. d4 e6 3. Nf3 Nf6 4. g3 d5 5. Bg2 c6 6. 0-0 Bd6 7. b3 Qe7 8. a4 a5 9. Ba3 Bxa3 10. Nxa3 0-0 11. Nc2 Nbd7 12. Nce1 dxc4 13. bxc4 e5 14. dxe5 Nxe5 15. Nxe5 Qxe5 16. Nd3 Qe7 17. Qc2 Ne4 18. Rab1 Be6 19. Rfc1 Rae8 20. Qb2 Bc8 21. Rc2 f4 22. Qb6 fxg3 23. hxg3 Qg5 24. Qd4 Nf6 25. Qc5 Qh6 26. Bf3 Ng4 27. Bxg4 Bxg4 28. f4 Rf5 29. Ne5 Rexe5 30. fxe5 Rh5 31. Rf1 Rh1+ 32. Kf2 Qh2+ 33. Ke1 Rxf1+ 34. Kxf1 Qxg3 35. Qf2 Qxe5 36. Rd2 h5 37. Rd8+ Kh7 38. e3 Qe4 39. Qf4 Qh1+ 40. Kf2 Qh4+ 0-1

[Event "CZE-chT 1920"]
[Site "Czech Republic"]
[Date "2019.10.13"]
[Round "2.5"]
[White "Jansa, Vlastimil"]
[Black "Biolek, Richard Jr"]
[Result "1/2-1/2"]
[WhiteElo "2452"]
[BlackElo "2454"]
[PlyCount "69"]
[EventDate "2019.10.12"]
[EventType "team-tourn"]
[EventRounds "11"]
[EventCountry "CZE"]
[SourceTitle "EXT 2020"]
[Source "ChessBase"]
[SourceDate "2019.10.17"]
[SourceVersion "1"]
[SourceVersionDate "2019.10.17"]
[SourceQuality "1"]
[WhiteTeam "Lysa nad Labem"]
[BlackTeam "Poruba Slavoj"]
[WhiteTeamCountry "CZE"]
[BlackTeamCountry "CZE"]

1. e4 c5 2. Nf3 d6 3. d4 cxd4 4. Nxd4 Nf6 5. Nc3 g6 6. Bc4 Bg7 7. 0-0 0-0 8. Re1 Nc6 9. Bb3 Bg4 10. Qd3 Nxd4 11. Qxd4 Nd7 12. Qd3 Nc5 13. Qg3 Be6 14. Qh4 Rc8 15. Bh6 Bxc3 16. bxc3 Re8 17. Bd2 f6 18. Re3 Rf8 19. Rae1 Nxb3 20. axb3 g5 21. Qg3 Kh8 22. Rd3 Qa5 23. c4 Qe5 24. Qe3 Qc5 25. Qe2 a6 26. Bc3 b5 27. Bd4 Qc6 28. cxb5 axb5 29. Rc3 Qd7 30. Rg3 g4 31. b4 Ra8 32. Qd2 Bc4 33. h3 Rg8 34. hxg4 Rxg4 35. Rxg4 1/2-1/2

[Event "Olomouc GM 22nd"]
[Site "Olomouc"]
[Date "2019.08.16"]
[Round "8"]
[White "Pulpan, Jakub"]
[Black "Biolek, Richard Jr"]
[Result "1/2-1/2"]
[WhiteElo "2397"]
[BlackElo "2446"]
[PlyCount "62"]
[EventDate "2019.08.10"]
[EventType "tourn"]
[EventRounds "9"]
[EventCountry "CZE"]
[EventCategory "6"]
[SourceTitle "CBM 191 Extra"]
[Source "ChessBase"]
[SourceDate "2019.09.30"]
[SourceVersion "1"]
[SourceVersionDate "2019.09.30"]
[SourceQuality "1"]

1. e4 c5 2. Nf3 d6 3. d4 cxd4 4. Qxd4 Nc6 5. Bb5 Bd7 6. Bxc6 Bxc6 7. Nc3 Nf6 8. Bg5 e6 9. 0-0-0 Be7 10. Bxf6 Bxf6 11. Qxd6 Qxd6 12. Rxd6 Bxc3 13. bxc3 Bxe4 14. Ne5 b5 15. Rd4 Bd5 16. c4 bxc4 17. Nxc4 Ke7 18. a3 Rhd8 19. Rg1 g5 20. h4 h6 21. g3 Rac8 22. Ne3 Bf3 23. Re1 Rc5 24. Rxd8 Kxd8 25. hxg5 hxg5 26. Kb2 f5 27. c4 f4 28. gxf4 gxf4 29. Nc2 Rxc4 30. Rxe6 Be4 31. Ne1 Bf5 1/2-1/2

[Event "Olomouc GM 22nd"]
[Site "Olomouc"]
[Date "2019.08.12"]
[Round "4"]
[White "Arkell, Keith C"]
[Black "Biolek, Richard Jr"]
[Result "1/2-1/2"]
[WhiteElo "2445"]
[BlackElo "2446"]
[PlyCount "51"]
[EventDate "2019.08.10"]
[EventType "tourn"]
[EventRounds "9"]
[EventCountry "CZE"]
[EventCategory "6"]
[SourceTitle "CBM 191 Extra"]
[Source "ChessBase"]
[SourceDate "2019.09.30"]
[SourceVersion "1"]
[SourceVersionDate "2019.09.30"]
[SourceQuality "1"]

1. d4 d5 2. Nf3 Nf6 3. c4 dxc4 4. Nc3 Nc6 5. d5 Na5 6. Qa4+ c6 7. dxc6 Nxc6 8. e4 e6 9. Bxc4 Bb4 10. Bb5 Bd7 11. 0-0 Qa5 12. Bd2 Qxa4 13. Bxa4 Ne5 14. Bxd7+ Nfxd7 15. Nxe5 Nxe5 16. a3 Ba5 17. b4 Bb6 18. Na4 Bd4 19. Rac1 b5 20. Nc5 Nc4 21. Bc3 Bxc3 22. Rxc3 a5 23. bxa5 Ke7 24. Nb3 Rhd8 25. h4 Nxa5 26. Nxa5 1/2-1/2

[Event "Pardubice Czech op-A 30th"]
[Site "Pardubice"]
[Date "2019.07.26"]
[Round "8"]
[White "Biolek, Richard Jr"]
[Black "Punin, Andrii"]
[Result "1/2-1/2"]
[WhiteElo "2447"]
[BlackElo "2305"]
[PlyCount "85"]
[EventDate "2019.07.19"]
[EventType "swiss"]
[EventRounds "9"]
[EventCountry "CZE"]
[SourceTitle "CBM 191"]
[Source "ChessBase"]
[SourceDate "2019.08.31"]
[SourceVersion "1"]
[SourceVersionDate "2019.08.31"]
[SourceQuality "1"]

1. e4 c6 2. d4 d5 3. e5 Bf5 4. Nd2 e6 5. Nb3 Nd7 6. Nf3 a6 7. Be2 c5 8. Nxc5 Bxc5 9. dxc5 Nxc5 10. Be3 Rc8 11. Nd4 Ne7 12. 0-0 Qc7 13. Nxf5 Nxf5 14. Bxc5 Qxc5 15. Bd3 0-0 16. c3 g6 17. Bxf5 gxf5 18. Qh5 Qe7 19. f4 Kh8 20. Rf3 Rg8 21. Rd1 Rg6 22. Rh3 h6 23. Rg3 Rcg8 24. Rxg6 Rxg6 25. Qf3 Qc5+ 26. Rd4 Qa5 27. a3 Qb6 28. Qf2 a5 29. h3 Qb3 30. Kh2 Rg8 31. Qe2 Qa2 32. Rd1 Rc8 33. Qh5 Qxb2 34. Qxh6+ Kg8 35. Qg5+ Kf8 36. Qh6+ Kg8 37. Rd3 Rxc3 38. Qg5+ Kf8 39. Qd8+ Kg7 40. Qf6+ Kg8 41. Qd8+ Kg7 42. Qf6+ Kg8 43. Qd8+ 1/2-1/2

[Event "Pardubice Czech op-A 30th"]
[Site "Pardubice"]
[Date "2019.07.22"]
[Round "4"]
[White "Biolek, Richard Jr"]
[Black "Kushko, Dmitriy"]
[Result "1-0"]
[WhiteElo "2447"]
[BlackElo "2281"]
[PlyCount "67"]
[EventDate "2019.07.19"]
[EventType "swiss"]
[EventRounds "9"]
[EventCountry "CZE"]
[SourceTitle "CBM 191"]
[Source "ChessBase"]
[SourceDate "2019.08.31"]
[SourceVersion "1"]
[SourceVersionDate "2019.08.31"]
[SourceQuality "1"]

1. e4 d6 2. d4 Nf6 3. Nc3 g6 4. Be3 c6 5. a4 Bg7 6. h3 0-0 7. Nf3 e5 8. dxe5 dxe5 9. Qxd8 Rxd8 10. Bc4 Be6 11. Bxe6 fxe6 12. Nxe5 Nxe4 13. Nxe4 Bxe5 14. Ke2 Nd7 15. Bg5 Rf8 16. Rad1 Rf7 17. b3 Nf6 18. Bxf6 Bxf6 19. Rd7 Raf8 20. Rhd1 Bb2 21. Rxf7 Rxf7 22. Rd8+ Rf8 23. Rxf8+ Kxf8 24. Nc5 b6 25. Nxe6+ Ke7 26. Ng5 h6 27. Ne4 h5 28. f4 Ke6 29. c4 a6 30. Kf3 Bd4 31. g4 hxg4+ 32. hxg4 b5 33. Nf2 bxc4 34. bxc4 1-0

[Event "Pardubice op rapid 30th"]
[Site "Pardubice"]
[Date "2019.07.19"]
[Round "8"]
[White "Biolek, Richard Jr"]
[Black "Malygin, Vladislav"]
[Result "1-0"]
[WhiteElo "2447"]
[BlackElo "1855"]
[PlyCount "133"]
[EventDate "2019.07.17"]
[EventType "swiss (rapid)"]
[EventRounds "9"]
[EventCountry "CZE"]
[SourceTitle "CBM 191 Extra"]
[Source "ChessBase"]
[SourceDate "2019.09.30"]
[SourceVersion "1"]
[SourceVersionDate "2019.09.30"]
[SourceQuality "1"]

1. e4 c5 2. Nf3 e6 3. d4 cxd4 4. Nxd4 Nf6 5. Bd3 Nc6 6. Nxc6 bxc6 7. 0-0 d5 8. exd5 cxd5 9. c4 Be7 10. Nc3 0-0 11. cxd5 Nxd5 12. Qf3 Bb7 13. Be4 Rb8 14. Rd1 Qb6 15. Nxd5 Bxd5 16. Bxd5 exd5 17. Bf4 Rbd8 18. b3 d4 19. Rac1 Bd6 20. Bg5 f6 21. Bf4 Bxf4 22. Qxf4 Rfe8 23. Rd2 Qd6 24. Qxd6 Rxd6 25. Kf1 Kf7 26. Rc7+ Re7 27. Rxe7+ Kxe7 28. Ke2 Ke6 29. Kd3 Kd5 30. Rc2 Ra6 31. h4 h5 32. f3 g5 33. hxg5 fxg5 34. Re2 Ra3 35. g3 a5 36. Rh2 a4 37. Rxh5 axb3 38. Rxg5+ Ke6 39. axb3 Rxb3+ 40. Ke4 Re3+ 41. Kf4 Ra3 42. Ke4 Re3+ 43. Kf4 Ra3 44. Rg8 d3 45. Rd8 Ke7 46. Rd4 Ke6 47. Ke4 d2 48. Rxd2 Ra4+ 49. Rd4 Ra1 50. Rb4 Re1+ 51. Kf4 Rc1 52. g4 Rf1 53. Rb6+ Kf7 54. Ke4 Ra1 55. g5 Ra4+ 56. Kf5 Ra5+ 57. Kg4 Ra1 58. f4 Ra5 59. Rb7+ Ke6 60. f5+ Ke5 61. f6 Ra8 62. Re7+ Kd6 63. g6 Ra4+ 64. Kg5 Ra5+ 65. Kh6 Rf5 66. Kg7 Rf1 67. Re8 1-0

[Event "Pardubice op rapid 30th"]
[Site "Pardubice"]
[Date "2019.07.17"]
[Round "3"]
[White "Belyakov, Bogdan"]
[Black "Biolek, Richard Jr"]
[Result "1/2-1/2"]
[WhiteElo "2500"]
[BlackElo "2447"]
[PlyCount "106"]
[EventDate "2019.07.17"]
[EventType "swiss (rapid)"]
[EventRounds "9"]
[EventCountry "CZE"]
[SourceTitle "CBM 191 Extra"]
[Source "ChessBase"]
[SourceDate "2019.09.30"]
[SourceVersion "1"]
[SourceVersionDate "2019.09.30"]
[SourceQuality "1"]

1. e4 Nc6 2. Nf3 e5 3. Bc4 Nf6 4. d4 exd4 5. e5 Ng4 6. Qe2 Qe7 7. Bf4 d6 8. exd6 Qxe2+ 9. Bxe2 Bxd6 10. Bxd6 cxd6 11. Na3 0-0 12. Nb5 d3 13. Bxd3 Nb4 14. 0-0 Nxd3 15. cxd3 Bf5 16. Rfd1 Rfd8 17. Nh4 Be6 18. h3 Nf6 19. a3 a6 20. Nd4 g6 21. Nhf3 Bd5 22. Kf1 Rac8 23. Rac1 Nd7 24. Ke2 Ne5 25. Ne1 Nc6 26. Nxc6 bxc6 27. b4 a5 28. f3 Ra8 29. bxa5 Rxa5 30. Rc3 Rb8 31. Ra1 c5 32. Kd2 Kf8 33. Nc2 Be6 34. d4 Bf5 35. dxc5 dxc5 36. Ne3 Rb2+ 37. Kc1 Rf2 38. Kd1 Be6 39. Rac1 Ra2 40. Rxc5 R5xa3 41. R5c3 Rxc3 42. Rxc3 f5 43. f4 Rf2 44. Rc7 Bf7 45. Ke1 Rxf4 46. Ke2 Re4 47. Kf3 Re7 48. Rxe7 Kxe7 49. g4 fxg4+ 50. Kxg4 Kf6 51. h4 h6 52. Kf4 Be6 53. Nc2 g5+ 1/2-1/2

[Event "Pardubice op rapid 30th"]
[Site "Pardubice"]
[Date "2019.07.17"]
[Round "1"]
[White "Flajsman, Pavel"]
[Black "Biolek, Richard Jr"]
[Result "0-1"]
[WhiteElo "1917"]
[BlackElo "2447"]
[PlyCount "52"]
[EventDate "2019.07.17"]
[EventType "swiss (rapid)"]
[EventRounds "9"]
[EventCountry "CZE"]
[SourceTitle "CBM 191 Extra"]
[Source "ChessBase"]
[SourceDate "2019.09.30"]
[SourceVersion "1"]
[SourceVersionDate "2019.09.30"]
[SourceQuality "1"]

1. d4 Nc6 2. Nf3 d5 3. g3 Bf5 4. Bg2 Qd7 5. 0-0 0-0-0 6. c3 Bh3 7. b4 f6 8. a4 h5 9. a5 h4 10. b5 Nb8 11. b6 cxb6 12. axb6 a6 13. Bf4 hxg3 14. fxg3 e5 15. dxe5 Bc5+ 16. Rf2 Bxg2 17. Kxg2 Qh3+ 18. Kg1 g5 19. Bxg5 Bxf2+ 20. Kxf2 fxg5 21. Qd4 Ne7 22. Qc5+ Nec6 23. Na3 Nd7 24. Qd6 Nxb6 25. Qc5 Nd7 26. Qxd5 Ndxe5 0-1

[Event "Pardubice Czech op-E 30th"]
[Site "Pardubice"]
[Date "2019.07.11"]
[Round "1.3"]
[White "Biolek, Richard Jr"]
[Black "Vanka, Miloslav"]
[Result "1-0"]
[WhiteElo "2447"]
[BlackElo "2122"]
[PlyCount "43"]
[EventDate "2019.07.11"]
[EventType "team-swiss"]
[EventRounds "7"]
[EventCountry "CZE"]
[SourceTitle "EXT 2020"]
[Source "ChessBase"]
[SourceDate "2019.10.17"]
[SourceVersion "1"]
[SourceVersionDate "2019.10.17"]
[SourceQuality "1"]
[WhiteTeam "Utek z Vezeni"]
[BlackTeam "Roztoky Caissa"]
[WhiteTeamCountry "CZE"]
[BlackTeamCountry "CZE"]

1. e4 c5 2. Nf3 Nc6 3. d4 cxd4 4. Nxd4 Nf6 5. Nc3 d6 6. Bg5 e6 7. Qd2 a6 8. 0-0-0 h6 9. Nxc6 bxc6 10. Bf4 d5 11. Qe3 Be7 12. h4 Bb7 13. f3 Qa5 14. Kb1 0-0-0 15. exd5 cxd5 16. Qa7 Nd7 17. Bb5 Qb4 18. Rd4 axb5 19. Rxb4 Bxb4 20. Nxb5 e5 21. Qa4 Bc5 22. Qa5 1-0